000 00839nmm a2200265 a 4500
001 ocm000713061
003 TR-IsHL
005 20201028153629.0
008 140402s2012 tu tur
007 cr cn
020 _a9786054503629
035 _a713061
_b(N$T)
050 0 4 _aPL248.S46
_bB4 2012
090 0 4 _aPL248.S46
_bB4 2012
100 1 _aŞenbalkan, Şadıman
245 1 0 _aBencil kırılmalar
_h[electronic resource] /
_cŞadıman Şenbalkan
260 _aİstanbul :
_bArunas Yayıncılık,
_c2012
300 _a328 p.
650 4 _aDil ve Edebiyat
650 4 _aLanguage and Literature
650 0 _aTürk romanı
650 0 _aTurkish fiction
650 7 _aLITERARY COLLECTIONS / Middle Eastern
_2bisacsh
856 4 0 _uhttp://search.ebscohost.com/login.aspx?direct=true&scope=site&db=e011xww&AN=713061
999 _c12149
_d12149